Raperzy na literę K - Statystyki

Ogólne statystyki
  • Ten quiz został rozwiązany 267 razy
  • Średni wynik to 4 z 14
Statystyki odpowiedzi
Hint Odpowiedź % Poprawnych
6 Kizo
66%
13 Kali
63%
5 Kękę
52%
2 Kabe
47%
7 Kuban
41%
12 Kartky
32%
3 Kaz Bałagane
32%
9 Kaen
26%
1 K2
8%
14 Kuba Knap
7%
11 Kafar
6%
4 Koldi
6%
10 Kajman
5%
8 Książe Kapota
2%
Nie znaleziono quizów pasujących do podanych kryteriów
Rozkład punktacji
Procent ludzi z każdym wynikiem
Percentyl według liczby udzielonych odpowiedzi
Twoja historia wyników
Nie rozwiązałeś tego quizu